عرض عادي
عرض مارك
- Diagnostic microbiology
مدخل مصطلح موضوعي
001 - رقم الضبط
- حقل الضبط: 19584
003 - معرف رقم الضبط
- حقل الضبط: OSt
005 - تاريخ ووقت أخر عملية
- حقل الضبط: 20130113234556.0
008 - عناصر بيانات ثابتة الطول
- حقل تحكم ثابت الطول: 130113|||a|||||| | ||| d
040 ## - مصدر الفهرسة
- هيئة الفهرسة الأصلية: OSt
- وكالة الكتابة: OSt
150 ## - مدخل-- مصطلح تاريخي
- عنصر مدخل المصطلح الموضوعي او الاسم الجغرافي: Diagnostic microbiology
- تفريع شكلي: Atlases.
670 ## - بيانات المصدر موجوده
- الاستشهاد بالمصدر: Work cat.: (OSt)28862: Koneman's color atlas and textbook of diagnostic microbiology /, c2006.
